00953 2200313 4500001002100000005001500021035002000036007000300056008004100059040002200100100003100122245008400153300004300237504003100280020002200311082001600333084001800349090002200367250004100389264003200430336002100462337003000483338002300513650002300536700002300559850001200582999002300594990002200617INLIS00000000088719420240605081842 a0010-0624000096ta200326s2024 yoia g ind d aYOPDYOGbinderda0 aWentri Merdianiepengarang10aKepuasan pelanggan :bpendekatan offline dan online /cWentri Merdiani, Mulyadi ax, 75 halaman :bbagan, tabel ;c24 cm aBibliografi: halaman 73-75 a978-623-8054-45-90 223a658.812 a658.812 WEN k aCB-D.11 2024-0847 aEdisi Pertama: Cetakan Pertama, 202431aYogyakarta :bExpert,c2024 2rdacontentateks 2rdamediaatanpa perantara 2rdacarrieravolume 4aKonsumen, kepuasan0 aMulyadiepengarang aYOPDYOG aCB-D.11/ 2024-0847 aCB-D.11/2024-0847